Advanced accounting : (Record no. 344857)
[ view plain ]
| 000 -LEADER | |
|---|---|
| fixed length control field | 00950 a2200229 4500 |
| 020 ## - INTERNATIONAL STANDARD BOOK NUMBER | |
| International Standard Book Number | 0030186129 |
| 020 ## - INTERNATIONAL STANDARD BOOK NUMBER | |
| International Standard Book Number | 9780030186127 |
| 090 ## - LOCALLY ASSIGNED LC-TYPE CALL NUMBER (OCLC); LOCAL CALL NUMBER (RLIN) | |
| -- | 2359 |
| -- | 2359 |
| 100 1# - MAIN ENTRY--PERSONAL NAME | |
| Personal name | Pahler, Arnold J. |
| 245 10 - TITLE STATEMENT | |
| Title | Advanced accounting : |
| Remainder of title | concepts and practice / |
| Statement of responsibility, etc. | Arnold J. Pahler. |
| 250 ## - EDITION STATEMENT | |
| Edition statement | 6th ed. |
| 260 ## - PUBLICATION, DISTRIBUTION, ETC. | |
| Place of publication, distribution, etc. | [S.l.] : |
| Name of publisher, distributor, etc. | Harcourt Brace College Publishers, |
| Date of publication, distribution, etc. | 1996. |
| 300 ## - PHYSICAL DESCRIPTION | |
| Extent | 1200 p. ; |
| Dimensions | 26 cm. |
| 490 1# - SERIES STATEMENT | |
| Series statement | Dryden press series in accounting. |
| 500 ## - GENERAL NOTE | |
| General note | Hardcover. |
| 520 ## - SUMMARY, ETC. | |
| Summary, etc. | Presenting concepts and issues in advanced accounting, this text covers reporting standards on consolidated statements and emphasizes critical thinking skills. |
| 700 1# - ADDED ENTRY--PERSONAL NAME | |
| Personal name | Mori, Joseph E. |
| 830 #0 - SERIES ADDED ENTRY--UNIFORM TITLE | |
| Uniform title | Dryden press series in accounting. |
| 856 40 - ELECTRONIC LOCATION AND ACCESS | |
| Materials specified | Amazon.com |
| Uniform Resource Identifier | <a href="http://www.amazon.com/exec/obidos/ASIN/0030186129/chopaconline-20">http://www.amazon.com/exec/obidos/ASIN/0030186129/chopaconline-20</a> |
| 856 40 - ELECTRONIC LOCATION AND ACCESS | |
| Materials specified | Amazon customer reviews |
| Uniform Resource Identifier | <a href="http://www.chopac.org/cgi-bin/tools/azrev.pl?q=0030186129">http://www.chopac.org/cgi-bin/tools/azrev.pl?q=0030186129</a> |
| 942 ## - ADDED ENTRY ELEMENTS (KOHA) | |
| Institution code [OBSOLETE] | NBS |
| Koha item type | Book |
| Call number prefix | 657.046 PAH |
| Withdrawn status | Lost status | Damaged status | Not for loan | Permanent Location | Current Location | Date acquired | Total Checkouts | Full call number | Barcode | Date last seen | Price effective from | Koha item type |
|---|---|---|---|---|---|---|---|---|---|---|---|---|
| Central Library (CL) | Central Library (CL) | 08/28/2013 | 657.046 PAH | NBS281 | 08/28/2013 | 08/28/2013 | Book |
